000 00247nam a22001217a 4500
008 170401b xxu||||| |||| 00| 0 eng d
041 _aeng
080 _a574
100 _a9
101 _aSHM
245 _aEARTHBOOK
_cCRENSHAW, L
942 _2udc
_cBK
999 _c9433
_d9433